|
|
|
|
| LEADER |
00000nab a2200000 a 4500 |
| 001 |
vtls000141447 |
| 003 |
SK-MaSNL |
| 005 |
20260303204213.0 |
| 008 |
150430c1982 xo 0 slo |
| 015 |
|
|
|a SNBRB19rr/mm-uuuuu
|
| 035 |
|
|
|a CL0151553
|
| 040 |
|
|
|a SNKBUCL
|b slo
|c SNKBUCL
|e AACR2
|
| 041 |
0 |
|
|a slo
|
| 044 |
|
|
|a xo
|c SK
|
| 080 |
|
|
|a 82:929:882
|2 1981
|
| 080 |
|
|
|a 882
|2 1981
|
| 080 |
|
|
|a 929 Lermontov, Michail Jurievič
|2 1981
|
| 100 |
1 |
|
|a Necpalová, Miloslava,
|d 1954-
|4 aut
|9 119905
|
| 245 |
1 |
0 |
|a Mesto pod orlím krídlom
|c Miloslava Necpalová
|
| 300 |
|
|
|b Fot. 4.
|
| 600 |
1 |
7 |
|a Lermontov, Michail Jurievič,
|d 1814-1841
|2 snkbucl
|9 217826
|
| 655 |
|
7 |
|a články z novín a časopisov
|2 snkbucl
|9 267496
|
| 655 |
|
7 |
|a články z odboru literárna veda a krásna literatúra
|2 snkbucl
|9 770045
|
| 773 |
0 |
|
|t Kamarát
|g Roč. 15, č. 11 (1982), s. 13
|
| 850 |
|
|
|a Slovenská národná knižnica v Martine
|a MTA001
|
| 852 |
|
|
|a SNK
|b KIS3GCP
|
| 958 |
|
|
|a RK
|
| 958 |
|
|
|a LX
|
| 958 |
|
|
|a SK
|
| 992 |
|
|
|a RBX
|
| 999 |
|
|
|c 2188951
|d 2190881
|